| 000 | 00400nam a22001697a 4500 | ||
|---|---|---|---|
| 003 | OSt | ||
| 008 | 240330b |||||||| |||| 00| 0 eng d | ||
| 020 | _a9788185749174 | ||
| 082 | _a658.40058 KUF | ||
| 100 | _aPRAVIN,Kumar | ||
| 245 | _aFundamentals of Design and Manufacturing | ||
| 250 | _a1st Ed | ||
| 260 |
_aNew Delhi _bKatson |
||
| 300 | _a366 | ||
| 700 | _aRAMASWAMY,M | ||
| 942 |
_2ddc _cREF |
||
| 999 |
_c12348 _d12348 |
||